| 000 | 01018nam a2200253Ia 4500 | ||
|---|---|---|---|
| 003 | OSt | ||
| 005 | 20220923211149.0 | ||
| 006 | a|||||r|||| 00| 0 | ||
| 007 | ta | ||
| 008 | 220922b |||||||| |||| 00| 0 hin d | ||
| 020 | _a8187566465 (hbk) | ||
| 024 | _a235,555 | ||
| 037 | _cTextual | ||
| 040 |
_aARTS _cARTS _bhin |
||
| 041 |
_2hin _ahin |
||
| 082 | _aP152,4, P2 | ||
| 100 |
_aउपाध्याय, सुधाकर _9158980 |
||
| 245 | 0 |
_aसाहित्यिक सूक्तिकोश _b हिन्दी साहित्य के प्रमुख साहित्यकारों की कृतियों से संकलित |
|
| 246 | _aSāhityik sūktikosha: hindī sāhitya ke pramukh sāhityakāroan kī kṛutiyoan se sankalita | ||
| 260 |
_aवाराणसी _b कला प्रकाशन _c2002 |
||
| 300 |
_a173पृ. _ccm. |
||
| 942 |
_hP152,4, P2 _cTEXL _2CC |
||
| 999 |
_c296190 _d296190 |
||